000 01246nam a2200313 4500
003 EG-GICUC
005 20260121101104.0
008 251029b1977 ua ||||fr|||| 00| 0 ara d
017 _a19774908
020 _a9777006497
040 _a EG-GICUC
_bara
_c EG-GICUC
_d EG-GICUC
_erda
041 0 _aara
082 0 4 _221
_a341.81
_bه ش . ج
092 0 4 _221
099 _aLaw1 12 341.81 ه ش . ج 1977
100 0 _aهشام علي صادق
_eمؤلف.
245 1 2 _aالجنسية والموطن ومركز الأجانب :
_cهشام علي صادق.
_nالمجلد الاول،
_pفي الجنسية والموطن/
264 1 _aالاسكندرية:
_bمنشأة المعارف،
_c1977.
300 _a845؛صفحة
_c24 سم
336 _2rda content
_atext
337 _2rda media
_aComputer
338 _2rda carrier
_aOnline Resource
504 _aيحتوي على ارجاعات ببليوجرافية يحتوي على قائمة بالمراجع
546 _aالنص أغلبه باللغة العربية مع بعض النصوص الفرنسية
650 1 _aالجنسية -- قانون دولي
856 4 0 _uhttps://fll.law.cu.edu.eg/fulltext/bks/B12-00438.pdf
905 _aRawan khaled
942 _2ddc
_n0
_cBK
_e21
999 _c38556
_d38556